[Event "Reykjavik op"]
[Site "Reykjavik"]
[Date "2024.03.18"]
[Round "5"]
[White "Halldorsson, Kristjan"]
[Black "Wolterink, Jule"]
[Result "1-0"]
[WhiteElo "1887"]
[BlackElo "1720"]
[PlyCount "87"]
[EventDate "2024.03.15"]
[EventType "swiss"]
[EventRounds "9"]
[EventCountry "ISL"]
[SourceTitle "CB13_2024"]
[SourceDate "2024.03.27"]
[SourceVersion "1"]
[SourceVersionDate "2024.03.27"]
[SourceQuality "1"]

1. d4 e6 2. c4 Nf6 3. Nf3 b6 4. e3 Bb7 5. Be2 Be7 6. 0-0 0-0 7. Nc3 d6 8. b3 Nbd7 9. Bb2 Ne4 10. Nxe4 Bxe4 11. Nd2 Bb7 12. f4 f5 13. Bf3 Bxf3 14. Nxf3 Nf6 15. Rc1 Ne4 16. Qd3 Bf6 17. Nd2 Nxd2 18. Qxd2 Qe7 19. Rfd1 Rfd8 20. Qf2 c5 21. Rc2 Rab8 22. Rcd2 d5 23. Qf1 Rb7 24. Ba3 Rbd7 25. h3 Qf8 26. dxc5 bxc5 27. Qf3 Bc3 28. Rd3 d4 29. Qc6 Qf7 30. Qxc5 Qh5 31. exd4 Qe2 32. d5 exd5 33. Rxd5 Qxd1+ 34. Rxd1 Rxd1+ 35. Kh2 Bd4 36. Qc6 Bg1+ 37. Kg3 R1d3+ 38. Kh4 Bf2+ 39. Kg5 Rg3+ 40. Kh5 g6+ 41. Kh6 Bd4 42. Qe6+ Kh8 43. Qf7 Bg7+ 44. Qxg7# 1-0

[Event "Reykjavik op"]
[Site "Reykjavik"]
[Date "2024.03.15"]
[Round "1"]
[White "Yazgi, Huseyin Yigit"]
[Black "Wolterink, Jule"]
[Result "0-1"]
[WhiteElo "1905"]
[BlackElo "1720"]
[PlyCount "72"]
[EventDate "2024.03.15"]
[EventType "swiss"]
[EventRounds "9"]
[EventCountry "ISL"]
[SourceTitle "CB13_2024"]
[SourceDate "2024.03.27"]
[SourceVersion "1"]
[SourceVersionDate "2024.03.27"]
[SourceQuality "1"]

1. e4 e6 2. d4 d5 3. exd5 exd5 4. Nf3 Bd6 5. c4 c6 6. Nc3 Ne7 7. Bg5 f6 8. Bh4 Bf5 9. c5 Bf4 10. Bg3 Qc7 11. Be2 Nd7 12. b4 0-0 13. a4 b6 14. cxb6 Nxb6 15. 0-0 Ng6 16. Re1 a6 17. Nd2 Qa7 18. Nb3 Rab8 19. Na5 Rfc8 20. Bf1 Kh8 21. Bxf4 Nxf4 22. Qf3 Qc7 23. Bxa6 Re8 24. Kh1 Bg6 25. Nxc6 Qxc6 26. Bb5 Rxe1+ 27. Rxe1 Qd6 28. Qe3 Nc4 29. Qe7 Qb6 30. Bxc4 dxc4 31. Nb5 Qc6 32. d5 Qxd5 33. f3 Nd3 34. Nc7 Qd4 35. Qe3 Qd6 36. Qe7 Qb6 0-1

[Event "Niedersachsen-ch op-C"]
[Site "Verden an der Aller"]
[Date "2020.01.05"]
[Round "7"]
[White "Braun, Hannes"]
[Black "Wolterink, Jule"]
[Result "0-1"]
[WhiteElo "1241"]
[BlackElo "1432"]
[PlyCount "78"]
[EventDate "2020.01.02"]
[EventType "swiss"]
[EventRounds "7"]
[EventCountry "GER"]
[SourceTitle "EXT 2023"]
[Source "ChessBase"]
[SourceDate "2022.10.05"]
[SourceVersion "1"]
[SourceVersionDate "2022.10.05"]
[SourceQuality "1"]

1. e4 e6 2. Nf3 d5 3. e5 c5 4. d4 cxd4 5. Nxd4 Nc6 6. Nxc6 bxc6 7. Qg4 Qb6 8. b3 Qb4+ 9. Qxb4 Bxb4+ 10. c3 Bc5 11. b4 Bb6 12. a4 a5 13. b5 cxb5 14. Bxb5+ Bd7 15. c4 dxc4 16. Bxc4 Rc8 17. Nd2 Bd4 18. Ra3 Bxe5 19. 0-0 Nf6 20. Ba6 Rc7 21. Nc4 Bd4 22. Bf4 Ra7 23. Nd6+ Ke7 24. Bb5 Bc5 25. Rd3 Nd5 26. Rxd5 exd5 27. Re1+ Be6 28. Nf5+ Kf6 29. Be5+ Kxf5 30. Bd3+ Kg5 31. h4+ Kh5 32. Bxg7 Rg8 33. Re5+ f5 34. g4+ Kg6 35. gxf5+ Bxf5 36. Bxf5+ Kxg7 37. Be6 Kf6+ 38. Bxg8 Kxe5 39. Bxh7 Rxh7 0-1

[Event "Niedersachsen-ch op-C"]
[Site "Verden an der Aller"]
[Date "2020.01.02"]
[Round "2"]
[White "Wolterink, Jule"]
[Black "Freise, Linus"]
[Result "1-0"]
[WhiteElo "1432"]
[BlackElo "1015"]
[PlyCount "85"]
[EventDate "2020.01.02"]
[EventType "swiss"]
[EventRounds "7"]
[EventCountry "GER"]
[SourceTitle "EXT 2023"]
[Source "ChessBase"]
[SourceDate "2022.10.05"]
[SourceVersion "1"]
[SourceVersionDate "2022.10.05"]
[SourceQuality "1"]

1. d4 d5 2. Bf4 Nc6 3. c3 Nf6 4. e3 a6 5. Bd3 g6 6. h3 Bg7 7. Nf3 b5 8. Nbd2 Nh5 9. Bh2 e6 10. 0-0 0-0 11. Qc2 Re8 12. e4 dxe4 13. Nxe4 e5 14. dxe5 Nxe5 15. Be2 Nxf3+ 16. Bxf3 Bf5 17. g4 Bxe4 18. Bxe4 Qg5 19. Bxa8 Rxa8 20. f4 Qc5+ 21. Qf2 Qxf2+ 22. Rxf2 Nf6 23. Re1 Rd8 24. Kg2 Nd5 25. Rfe2 Kf8 26. Kf3 Nb6 27. f5 Nd5 28. Rd2 c6 29. Be5 f6 30. Bd4 Bh6 31. Be3 Bg7 32. Bc5+ Kg8 33. Re6 Rc8 34. Rde2 Kf7 35. Bd4 c5 36. Bf2 a5 37. Rd6 Nc7 38. Rd7+ Kf8 39. Ree7 Ne8 40. Be3 g5 41. Bf2 Kg8 42. Ra7 Kf8 43. Red7 1-0

[Event "Niedersachsen-ch op C"]
[Site "Verden"]
[Date "2018.01.05"]
[Round "3"]
[White "Wolterink, Jule"]
[Black "Kieselbach, Jannik"]
[Result "1-0"]
[WhiteElo "1347"]
[BlackElo "1286"]
[PlyCount "55"]
[EventDate "2018.01.04"]
[EventType "swiss"]
[EventRounds "7"]
[EventCountry "GER"]
[SourceTitle "EXT 2022"]
[Source "ChessBase"]
[SourceDate "2021.10.06"]
[SourceVersion "1"]
[SourceVersionDate "2021.10.06"]
[SourceQuality "1"]

1. d4 Nf6 2. Bf4 d6 3. e3 g6 4. Bd3 Bg7 5. Nf3 Nbd7 6. c3 b6 7. 0-0 Bb7 8. Nbd2 Rb8 9. e4 Qc8 10. Re1 0-0 11. e5 Nh5 12. Bg5 Re8 13. e6 fxe6 14. Rxe6 Ne5 15. Rxe5 dxe5 16. Nxe5 Bxe5 17. dxe5 Qd7 18. Nf3 Rf8 19. Bc4+ Qd5 20. Bxd5+ Bxd5 21. Qxd5+ Kh8 22. Bxe7 Rfe8 23. Bf6+ Nxf6 24. exf6 Rbd8 25. Qf7 Rg8 26. Ng5 Rd7 27. Qxd7 Rd8 28. Qxh7# 1-0

[Event "GER-chT U14 Girls"]
[Site "Neumuenster"]
[Date "2017.12.28"]
[Round "4.3"]
[White "Wolterink, Jule"]
[Black "Wagner, Margarethe"]
[Result "1-0"]
[WhiteElo "1347"]
[BlackElo "1467"]
[PlyCount "57"]
[EventDate "2017.12.26"]
[EventType "team-swiss"]
[EventRounds "7"]
[EventCountry "GER"]
[SourceTitle "CBM 182 Extra"]
[Source "ChessBase"]
[SourceDate "2018.02.23"]
[SourceVersion "1"]
[SourceVersionDate "2018.02.23"]
[SourceQuality "1"]
[WhiteTeam "Nordhorn Blanke"]
[BlackTeam "Erfurt SK"]
[WhiteTeamCountry "GER"]
[BlackTeamCountry "GER"]

1. d4 Nf6 2. Bf4 e6 3. e3 b6 4. Nf3 Bb7 5. Bd3 Be7 6. Nbd2 0-0 7. c3 d6 8. Qc2 h6 9. h3 Nbd7 10. g4 e5 11. g5 exf4 12. gxf6 Bxf6 13. 0-0-0 fxe3 14. fxe3 Qe7 15. e4 c5 16. dxc5 Nxc5 17. Rhg1 Nxd3+ 18. Qxd3 Qe6 19. Nd4 Qxa2 20. Nf5 Kh8 21. Qe3 h5 22. Nxg7 Qa1+ 23. Nb1 Bxg7 24. Qg5 Qxb1+ 25. Kxb1 Bxe4+ 26. Ka1 Bg6 27. Rxd6 Rg8 28. Rxg6 fxg6 29. Qxg6 1-0

[Event "GER-ch U12"]
[Site "Magdeburg"]
[Date "2014.06.11"]
[Round "6"]
[White "Wolterink, Jule"]
[Black "Ziegenfuss, Larissa"]
[Result "0-1"]
[WhiteElo "943"]
[BlackElo "1316"]
[PlyCount "68"]
[EventDate "2014.06.08"]
[EventType "swiss"]
[EventRounds "11"]
[EventCountry "GER"]
[SourceTitle "CBM 160 Extra"]
[Source "ChessBase"]
[SourceDate "2014.07.01"]
[SourceVersion "1"]
[SourceVersionDate "2014.07.01"]
[SourceQuality "1"]

1. c4 g6 2. Nc3 Bg7 3. g3 d6 4. Bg2 e5 5. d3 Nf6 6. Nf3 0-0 7. 0-0 Nbd7 8. b4 h6 9. a4 Kh7 10. b5 Nc5 11. Bb2 Be6 12. Qc2 Qd7 13. Rfb1 Bh3 14. Bh1 Nh5 15. Nh4 f5 16. Ng2 f4 17. Rf1 fxg3 18. fxg3 Qg4 19. Nd5 c6 20. Nde3 Qd7 21. Nd1 Rxf1+ 22. Kxf1 Rf8+ 23. Nf2 Qf5 24. e4 Qf3 25. Kg1 Bxg2 26. Bxg2 Qe3 27. Kh1 Rxf2 28. Qb1 Nxd3 29. Ra3 Qe2 30. Qg1 Nxb2 31. Ra2 Qxc4 32. Ra1 Nd3 33. Rf1 Rxf1 34. Qxf1 Qc1 0-1

[Event "Niedersachsen-ch U12"]
[Site "Norderney"]
[Date "2014.04.17"]
[Round "10"]
[White "Stelmaszyk, Nico"]
[Black "Wolterink, Jule"]
[Result "1-0"]
[WhiteElo "1231"]
[BlackElo "886"]
[PlyCount "91"]
[EventDate "2014.04.??"]
[EventType "swiss"]
[EventRounds "11"]
[EventCountry "GER"]
[SourceTitle "EXT 2017"]
[Source "ChessBase"]
[SourceDate "2016.10.25"]
[SourceVersion "1"]
[SourceVersionDate "2016.10.25"]
[SourceQuality "1"]

1. d4 e6 2. c4 d5 3. Nc3 c5 4. Nf3 Nc6 5. dxc5 Bxc5 6. cxd5 exd5 7. Qxd5 Qe7 8. e3 Nf6 9. Qd1 0-0 10. Bc4 Bf5 11. Bd2 Rfd8 12. 0-0 Bb4 13. Qe2 Bg4 14. a3 Bd6 15. h3 Bh5 16. Qd1 Qc7 17. Be2 Ne5 18. Nxe5 Bxe2 19. Qxe2 Bxe5 20. Rac1 Qd6 21. Rfd1 Rac8 22. f4 Bxc3 23. Bxc3 Qb6 24. Bxf6 Qxf6 25. Rxc8 Rxc8 26. Qd3 h6 27. Qd4 Qxd4 28. exd4 Rd8 29. Kf2 f5 30. g4 fxg4 31. hxg4 Kf7 32. Ke3 Ke6 33. Ke4 Re8 34. Rd3 Kd6+ 35. Kf3 Kd5 36. Re3 Rc8 37. Re7 Kxd4 38. Rxb7 Rc2 39. Rxg7 Rxb2 40. Rxa7 Rb3+ 41. Ke2 Re3+ 42. Kf2 Kd3 43. Rd7+ Ke4 44. Re7+ Kxf4 45. Rxe3 Kxg4 46. a4 1-0